Minerals valuation guidance note (Record no. 91243)

MARC details
000 -LEADER
fixed length control field 00669cam a2200253 4500
008 - FIXED-LENGTH DATA ELEMENTS--GENERAL INFORMATION
fixed length control field 090401t1986 xxu||||| |||| 00| 0 eng d
020 ## - INTERNATIONAL STANDARD BOOK NUMBER
International Standard Book Number 0854063188
035 ## - SYSTEM CONTROL NUMBER
System control number (Sirsi) u43065
041 ## - LANGUAGE CODE
Language code of text/sound track or separate title eng
050 ## - LIBRARY OF CONGRESS CALL NUMBER
Classification number 333.339
090 ## - LOCALLY ASSIGNED LC-TYPE CALL NUMBER (OCLC); LOCAL CALL NUMBER (RLIN)
Classification number (OCLC) (R) ; Classification number, CALL (RLIN) (NR) RICS 1986/42 ABCDE
110 ## - MAIN ENTRY--CORPORATE NAME
Corporate name or jurisdiction name as entry element Royal Institution of Chartered Surveyors
9 (RLIN) 4900
245 ## - TITLE STATEMENT
Title Minerals valuation guidance note
260 ## - PUBLICATION, DISTRIBUTION, ETC.
Place of publication, distribution, etc. London
Name of publisher, distributor, etc. SP
Date of publication, distribution, etc. 1986
300 ## - PHYSICAL DESCRIPTION
Extent 10p. ; 30cm.
350 ## - PRICE (NR) (BK AM CF MU VM SE) [OBSOLETE]
Price 3.75
490 ## - SERIES STATEMENT
Series statement Mineral Surveyors Guidance Notes
520 ## - SUMMARY, ETC.
Summary, etc. WITHDRAWN FROM PUBLICATION 1996.
650 ## - SUBJECT ADDED ENTRY--TOPICAL TERM
Topical term or geographic name entry element GUIDANCE NOTES
650 ## - SUBJECT ADDED ENTRY--TOPICAL TERM
Topical term or geographic name entry element MINERAL VALUATION
650 ## - SUBJECT ADDED ENTRY--TOPICAL TERM
Topical term or geographic name entry element RICS
942 ## - ADDED ENTRY ELEMENTS (KOHA)
Suppress in OPAC 0
948 ## - LOCAL PROCESSING INFORMATION (OCLC); SERIES PART DESIGNATOR (RLIN)
c (OCLC) 04/03/1997
Holdings
Withdrawn status Lost status Source of classification or shelving scheme Damaged status Not for loan Home library Current library Shelving location Date acquired Cost, normal purchase price Total Checkouts Full call number Barcode Date last seen Date last checked out Copy number Cost, replacement price Price effective from Koha item type
    Dewey Decimal Classification     Historic collection Historic collection RICS Boxes 14/09/1999 3.75   RICS 1986/42 30019391 06/08/2019   1 3.75 06/08/2019 Archive
    Dewey Decimal Classification     London London RICS Boxes 27/10/1995 3.75 2 RICS 1986/42 30019390 06/08/2019 18/08/2005 1 3.75 06/08/2019 Book
    Dewey Decimal Classification     London London RICS Boxes 04/10/1994 3.75   RICS 1986/42 30042712 06/08/2019   4 3.75 06/08/2019 Book
    Dewey Decimal Classification     London London RICS Boxes 06/09/1995 3.75   RICS 1986/42 30048999 06/08/2019   5 3.75 06/08/2019 Reference material